Los desafíos de la pesca sostenible (Registro nro. 171593)
[ vista simple ]
| 000 -LEADER | |
|---|---|
| fixed length control field | 02455nam a22002897a 4500 |
| 007 - PHYSICAL DESCRIPTION FIXED FIELD--GENERAL INFORMATION | |
| fixed length control field | cr|||| |||| |
| 008 - FIXED-LENGTH DATA ELEMENTS--GENERAL INFORMATION | |
| fixed length control field | 220517s2021 ea |||||s|||| 00||0 spa d |
| 020 ## - INTERNATIONAL STANDARD BOOK NUMBER | |
| International Standard Book Number | 978-84-124109-5-2 |
| 035 ## - | |
| -- | 35651 |
| 040 ## - CATALOGING SOURCE | |
| Original cataloging agency | vLex |
| 090 ## - | |
| -- | 13357 |
| -- | 13357 |
| 100 1# - MAIN ENTRY--PERSONAL NAME | |
| Personal name | Fernández Prol, Francisca |
| 245 13 - TITLE STATEMENT | |
| Title | Los desafíos de la pesca sostenible |
| Medium | [Recurso electrónico] : |
| Remainder of title | diagnóstico y propuestas desde una óptica jurídica / |
| Statement of responsibility, etc | Francisca Fernández Prol |
| 256 ## - | |
| -- | Servicio en línea |
| 260 ## - PUBLICATION, DISTRIBUTION, ETC. (IMPRINT) | |
| Place of publication, distribution, etc | Barcelona: |
| Name of publisher, distributor, etc | J.M. Bosch Editor, |
| Date of publication, distribution, etc | 2021 |
| 300 ## - PHYSICAL DESCRIPTION | |
| Extent | 1 recurso electrónico |
| 500 ## - GENERAL NOTE | |
| General note | Esta obra recoge las reflexiones de un nutrido grupo de juristas en torno a los retos planteados por el proceso de transformación del sector marítimo-pesquero en actividad sostenible, desde una perspectiva medio-ambiental, empresarial y social. En la misma, expertos en varias disciplinas jurídicas Derecho Internacional Público, Derecho Internacional Privado y Derecho del Trabajo y de la Seguridad Social abordan, en el marco del Proyecto Europeo Jean Monnet «Une vision européenne des océans et des mers: pêche maritime et croissance durable», los grandes desafíos de la anhelada sostenibilidad transversal en la pesca: el impacto del cambio climático, la protección de la biodiversidad marina, la pesca ilegal, la piratería marítima, la protección de la seguridad y salud de los pescadores, el reto del empleo estable y sujeto a condiciones laborales justas y el empoderamiento de las mujeres en un ámbito tradicionalmente masculinizado. Identificadas y analizadas exhaustivamente las problemáticas, los autores efectúan propuestas a menudo, de lege ferenda para la construcción de nuevo marco jurídico que contribuya a aunar crecimiento económico, cuidado del medio ambiente y trabajo decente e inclusivo. |
| 506 1# - RESTRICTIONS ON ACCESS NOTE | |
| Terms governing access | Disponible solo en los productos indicados |
| Authorized users | vLex Global |
| -- | vLex Global (Academic Edition, excluding Law Schools) |
| -- | vLex Global (U.S. Academic Edition, Law Schools) |
| -- | vLex Global (U.S. Academic Edition, excluding Law Schools) |
| -- | vLex Global (Academic Edition, Law Schools) |
| 650 04 - SUBJECT ADDED ENTRY--TOPICAL TERM | |
| Topical term or geographic name as entry element | Derecho Laboral y Seguridad Social |
| Geographic subdivision | España |
| 650 04 - SUBJECT ADDED ENTRY--TOPICAL TERM | |
| Topical term or geographic name as entry element | Pesca |
| Geographic subdivision | España |
| 650 04 - SUBJECT ADDED ENTRY--TOPICAL TERM | |
| Topical term or geographic name as entry element | Derecho del Medio Ambiente |
| Geographic subdivision | España |
| 650 04 - SUBJECT ADDED ENTRY--TOPICAL TERM | |
| Topical term or geographic name as entry element | Derecho Internacional |
| Geographic subdivision | España |
| 740 0# - | |
| -- | vLex Libros (Servicio en línea) |
| 856 40 - LOCALIZACIÓN Y ACCESO ELECTRÓNICO | |
| Identificador Uniforme del Recurso (URI/URL) | https://app.vlex.com/#/sources/35651 |
| 942 ## - | |
| -- | RAA |
| 999 ## - | |
| -- | 171593 |
| -- | 171593 |
No hay ítems disponibles.